| 000 | 00620nam a2200121Ia 4500 | ||
|---|---|---|---|
| 008 | 220615s9999||||xx |||||||||||||| ||und|| | ||
| 100 | _aCarbonnier, G.||Carton, M.||King, K. | ||
| 245 | 0 | _aEducation, Learning, Training | |
| 546 | _aEnglish[eng] | ||
| 650 | _ainternational development||Africa||Capability approach||China||Higher education||Lifelong learning||Massive open online course | ||
| 856 | _uhttps://library.oapen.org/bitstream/20.500.12657/32180/1/613430.pdf||https://library.oapen.org/bitstream/20.500.12657/32180/1/613430.pdf||https://library.oapen.org/bitstream/20.500.12657/32180/1/613430.pdf | ||
| 942 | _cEB | ||
| 999 |
_c14596 _d14596 |
||